| 000 | 01185nam a2200313 i 4500 | ||
|---|---|---|---|
| 003 | EG-GICUC | ||
| 005 | 20260121101431.0 | ||
| 008 | 251204s2001 ua ||||fr|||| 001 0 ara d | ||
| 040 |
_a EG-GICUC _bara _c EG-GICUC _d EG-GICUC _erda |
||
| 041 | 0 | _aara | |
| 082 | 0 | 4 |
_a343.3062 _bم أ . إ _221 |
| 092 | 0 | 4 | _221 |
| 099 | _aLaw1 10 343.3062 م أ . إ 2001 | ||
| 100 | 0 |
_aمأمون محمد سلامة. _eمؤلف. |
|
| 245 | 1 | 2 |
_aالإجراءات الجنائية في التشريع المصري. _nالجزء الأول / _cالدكتور مأمون محمد سلامة. |
| 264 | 1 |
_aالقاهرة : _bدار النهضة العربية، _c2001. |
|
| 300 |
_a777 صفحة ؛ _c24 سم. |
||
| 336 |
_2rda content _atext |
||
| 337 |
_2rda media _aComputer |
||
| 338 |
_2rda carrier _aOnline Resource |
||
| 504 | _a. 240-220 ببليوجرافيا: صفحات. | ||
| 546 | _aالنص باللغة العربية | ||
| 650 | 1 | 4 |
_aقانون الاجراءات الجنائية _2qrmak |
| 650 | 1 | 4 |
_aالقانون المصري _2qrmak |
| 651 | 1 | _2qrmak | |
| 856 | 4 | 0 | _uhttps://fll.law.cu.edu.eg/fulltext/bks/B10-05422.pdf |
| 905 |
_a77 _eHassnaa |
||
| 942 |
_2ddc _cBK _e21 _n0 |
||
| 999 |
_c48440 _d48440 |
||